01877nam a2200349 a 450000100100000000500170001000800410002702000180006804000250008608200200011110000350013124500840016626000720025030000210032249000680034349000260041150000570043750000340049450000730052850400320060159000280063365000620066183000750072383000330079891000380083195201330086995201330100295201330113595201180126895201240138699900170151000002862120240308073619.0110411s2009 dr r 000 0 spa d a9789945443479 aDO-SdBNPbspacBNPHU aRD863.09bS787n1 aStanley, Avelino,d1959-9153613aLa novela dominicana 1980-2009 :b[perfil de su desarrollo] /cAvelino Stanley. aSanto Domingo :bBanco Central de la República Dominicana,c2009. a384 p. ;c23 cm.1 aColección del Banco Central de la República Dominicanav1191 aArte y literaturav51 aIncluye datos biográficos del autor en las solapas aIncluye índice onomástico aIncluye referencias bibliográficas y notas al pie de las páginas aBibliografía : p. 317-363 aInventariado, 2019 / DG 4aNovela dominicanaxHistoria y críticay1980-2009955581 0aColección del Banco Central de la República Dominicanan119955582 0aArte y literaturan51955583 aValidado. Control de calidad. MFF 001054708DSaGRbGRcHDd2013-05-08iLF1l0oRD863.09 S787np28621-30r2020-06-25te. 3w2020-06-25yLFDSZPréstamo en sala 001054708DSaGRbGRcHDd2013-05-08iLF1l0oRD863.09 S787np28621-40r2020-06-25te. 4w2020-06-25yLFDSZPréstamo en sala 001054708DSaGRbGRcHDd2013-05-08iLF1l0oRD863.09 S787np28621-50r2020-06-25te. 5w2020-06-25yLFDSZPréstamo en sala 0010718PDaPDbPDcHDd2011-04-11iLF1l0oRD863.09 S787np28621-10r2020-06-25w2020-06-25yLFPDZNo se presta 0010718PDaPDbPDcHDd2011-04-12iLF1l0oRD863.09 S787np28621-20r2020-06-25te. 2w2020-06-25yLFPDZNo se presta c28113d28113